Catálogo
 En Linea

Hospital Universitario Maternidad Nuestra Señora de la Altagracia: (Registro nro. 51208)

Detalles MARC
000 -CABECERA
campo de control de longitud fija 01094nam a2200277 a 4500
003 - IDENTIFICADOR DEL NÚMERO DE CONTROL
campo de control DO-SdBNP
005 - FECHA Y HORA DE LA ÚLTIMA TRANSACCIÓN
campo de control 20250310124725.0
007 - CAMPO FIJO DE DESCRIPCIÓN FÍSICA--INFORMACIÓN GENERAL
campo de control de longitud fija ta
008 - DATOS DE LONGITUD FIJA--INFORMACIÓN GENERAL
campo de control de longitud fija 220120e2019 dr aco|fr|||| 001 edspa d
020 ## - NÚMERO INTERNACIONAL ESTÁNDAR DEL LIBRO
Número Internacional Estándar del Libro 9789945220070
040 ## - FUENTE DE LA CATALOGACIÓN
Centro catalogador/agencia de origen DO-SdBNP
Lengua de catalogación spa
Centro/agencia transcriptor BNPHU
082 #4 - NÚMERO DE LA CLASIFICACIÓN DECIMAL DEWEY
Número de edición 22
Número de documento/Ítem E91h
100 1# - ENTRADA PRINCIPAL--NOMBRE DE PERSONA
9 (RLIN) 80591
Nombre de persona Eusebio Polanco, Héctor
245 10 - MENCIÓN DE TÍTULO
Título Hospital Universitario Maternidad Nuestra Señora de la Altagracia:
Resto del título 70 años de historia /
Mención de responsabilidad, etc. Héctor Manauel Eusebio P.; Prólogo de Ángel Caputo Antonio.
246 ## - FORMA VARIANTE DE TÍTULO
Título propio/Titulo breve Hospital universitario maternidad Nuestra Señora de la Altagracia:
Resto del título setenta años de historia
260 ## - PUBLICACIÓN, DISTRIBUCIÓN, ETC.
Lugar de publicación, distribución, etc. Santo Domingo :
Nombre del editor, distribuidor, etc. Búho,
Fecha de publicación, distribución, etc. 2019
300 ## - DESCRIPCIÓN FÍSICA
Extensión 132 p. ;
Otras características físicas il., fotogr., retr.
Dimensiones 21 cm
500 ## - NOTA GENERAL
Nota general Incluye datos biográficos del autor en la solapa de la portada.
500 ## - NOTA GENERAL
Nota general Incluye referencias bibliográficas: p. 131- 132
505 ## - NOTA DE CONTENIDO CON FORMATO
Nota de contenido con formato Agradecimiento.--
590 ## - NOTA LOCAL (RLIN)
Nota local Inventariado 2022 / MF
650 #7 - PUNTO DE ACCESO ADICIONAL DE MATERIA--TÉRMINO DE MATERIA
Término de materia o nombre geográfico como elemento de entrada Hospitales
Subdivisión geográfica República Dominicana
Subdivisión general Historia
9 (RLIN) 76843
Fuente del encabezamiento o término LEMB
700 ## - PUNTO DE ACCESO ADICIONAL--NOMBRE DE PERSONA
9 (RLIN) 42973
Nombre de persona Caputo Antonio, Ángel
Término indicativo de función/relación pról.
910 ## - DATOS DE OPCIÓN DEL USUARIO (OCLC)
Datos de opción del usuario MFéliz
942 ## - ELEMENTOS DE PUNTO DE ACCESO ADICIONAL (KOHA)
Fuente del sistema de clasificación o colocación Dewey Decimal Classification
Tipo de ítem Koha Libro
Existencias
Estado de retiro Estado de pérdida Fuente del sistema de clasificación o colocación Restricciones de uso No para préstamo Código de colección Localización permanente Ubicación/localización actual Ubicación en estantería Fecha de adquisición Fuente de adquisición Total de préstamos Signatura topográfica completa Código de barras Fecha visto por última vez Precio válido a partir de Tipo de ítem Koha Número de copia
    Dewey Decimal Classification Préstamo en sala   Monografías: Libros y Folletos Biblioteca Nacional Pedro Henríquez Ureña Dominicana Depósito 18.10.2019 Depósito legal / Editora Búho   E91h 2022-0189 20.01.2022 20.01.2022 Libro e.3
    Dewey Decimal Classification Excluido de préstamo   Monografías: Libros y Folletos Biblioteca Nacional Pedro Henríquez Ureña Patrimonio Dominicano Depósito 18.10.2019 Depósito legal / Editora Búho   E91h 2022-0187 20.01.2022 20.01.2022 Libro  
    Dewey Decimal Classification Excluido de préstamo   Monografías: Libros y Folletos Biblioteca Nacional Pedro Henríquez Ureña Patrimonio Dominicano Depósito 18.10.2019 Depósito legal / Editora Búho   E91h 2022-0188 20.01.2022 20.01.2022 Libro e.2

Con tecnología Koha